LEADER 01252nam a2200241 i 4500 001 000000047404 003 CaOOAMICUS 005 20090829000000.0 008 090829s1986 xx u000 u spa u 013 $a18574 040 $aSeMil$bita 245 10$aMujeres del absoluto. El monacato femenino :$bhistoria, instituciones, actualidad. 20. semana de estudios monasticos /$cdirigido por fray Clemente de La Serna Gonzalez. 260 $aSanto Domingo de Silos :$bAbadía de Silos,$c1986. 300 $a478 p. 490 0 $aStudia Silensia ;$v12. 650 4$aMonachesimo femminile.$0(OLS)http://semarc/subject/4433 700 1 $aLa Serna Gonzalez, Clemente : de .$0(OLS)http://semarc/name/23558 700 1 $aSemana de Estudios Monasticos <20. ; 1986 ; Silos>.$0(OLS)http://semarc/name/23560 830 0$aStudia Silensia [Abadia de Silos] ;$v12.$0(OLS)http://semarc/title/369 850 $aSeMil 852 $aSeMil$W1$xVenegono$y1$m3C III 12$j13559$B13559$CSeMilBibl$Z2$F13559 $81 996 $6245$aMujeres del absoluto. El monacato femenino :$bhistoria, instituciones, actualidad. 20. semana de estudios monasticos$9(OLS)http://semarc/title/71402 996 $6260$aSanto Domingo de Silos :$bAbadía de Silos$9(OLS)http://semarc/publisher/29723 LEADER 00988nam a2200205 i 4500 001 000000078759 003 CaOOAMICUS 005 20170111000000.0 008 170111s1885 xx u000 u fre u 013 $a50996 040 $aSeMil$bita 100 1 $aSchmitt, Aloys,$d<1788-1866>.$0(OLS)http://semarc/name/91071 245 10$a[Méthode pratique de chant grégorien :$bleçons données aux Bénédictines du Temple /$cpar Dom. A. Schmitt Bénédictin de l'Abbaye de Solesmes. 260 $aParis :$bImp. lith. Ch. Chauvin-Blanc-Pascal,$c1885] 300 $a180 p. ;$c23 cm. 650 4$aCanto gregoriano - Manuali.$0(OLS)http://semarc/subject/7457 850 $aSeMil 852 $aSeMil$W1$xVenegono$y1$m3Q IV 105$j44580$B44580$CSeMilBibl$Z2$F46355 $81 996 $6245$a[Méthode pratique de chant grégorien :$bleçons données aux Bénédictines du Temple$9(OLS)http://semarc/title/402968 996 $6260$aParis :$bImp. lith. Ch. Chauvin-Blanc-Pascal$9(OLS)http://semarc/publisher/56375